| 000 | 00797nam a22002177a 4500 | ||
|---|---|---|---|
| 999 |
_c19102 _d19102 |
||
| 003 | AR-CdUCM | ||
| 008 | 190516b ||||| |||| 00| 0 spa d | ||
| 040 |
_aMUNICIPALIDAD PROVINCIAL DEL CUSCO _cBIBLIOTECA MUNICIPAL DEL CUSCO |
||
| 041 | _heng | ||
| 082 |
_a349.73 / _bB39 |
||
| 100 |
_aBerman, Harold J. _940229 |
||
| 245 | _aDiversos aspectos del derecho en los Estados Unidos / | ||
| 260 |
_aMéxico, D.F. : _bLetras, _c1965. |
||
| 300 |
_a244 páginas ; _c20.5 cm. |
||
| 505 | _aContenido: Antecedentes históricos del derecho de los Estados Unidos -- Las funciones del juez -- El sistema de partes adversas -- El juicio por jurado ... | ||
| 650 |
_aDerecho _9739 |
||
| 650 |
_aConstitución _92117 |
||
| 650 |
_aEstados Unidos _91805 |
||
| 942 |
_2ddc _cLIBROS |
||
| 945 |
_aacv _d2019-05-16 |
||